000 00768cam a22002411a 4500
001 ca 34002306
003 DLC
005 20260227111136.0
007 cr_|||||||||||
008 860228s1895 nyu 000 0 eng
010 _aca 34002306
035 _a(OCoLC)16408608
040 _aDLC
_cRPB
_dDLC
042 _apremarc
050 0 0 _aPS2757.S36
_bP3
100 1 _aSample, W. Boyd
_q(Walter Boyd).
245 1 0 _aPassion's dream. :
_bA tragedy. /
_cBy W. Boyd Sample.
260 _aNew York :
_bG.W. Dillingham, Publisher, successor to G.W. Carleton & Co.,
_c1895.
300 _a122 p. ;
_c19 cm.
500 _aIn verse.
530 _aAlso available in digital form on the Internet Archive Web site.
856 4 1 _uhttp://hdl.loc.gov/loc.gdc/scd0001.00158715272
999 _c17726
_d17726